Razones personales: poesía

Saved in:
Bibliografiske detaljer
Hovedforfatter: Berríos, Carmen Gloria (Author)
Format: Bog
Sprog:spansk
Udgivet: Santiago La Trastienda 1994
Fag:
Tags: Tilføj Tag
Ingen Tags, Vær først til at tagge denne postø!

MARC

LEADER 00000nam a2200000 a 4500
001 UCY8109
003 CL-VaPUC
008 950623e19940000CL |||||||||||||||||spa|d
082 0 4 |a Ch861  |b BER  |2 21 
100 0 |a Berríos, Carmen Gloria  |e author  |9 339232 
245 1 0 |a Razones personales: poesía 
300 |a 98 p 
942 |c BK 
945 |d 19950623 00:00:00  |a cmena 
260 |a Santiago  |b La Trastienda  |c 1994 
650 0 |a Poesías chilenas   |9 265280 
650 0 |a Literatura contemporánea   |9 321959 
650 0 |a Formas y géneros literarios  |9 324031 
583 |a last modification  |c 19950623 00:00:00  |k Rodrigo Vera 
999 |c 235387  |d 235385 
952 |0 0  |1 0  |4 0  |6 CH_861_000000000000000_BER_1994  |7 0  |8 A  |9 242771  |a BIBEDU  |b BIBEDU  |d 2019-11-18  |i 1522655  |o Ch861 BER 1994  |p 1522655  |r 2019-11-18  |w 2019-11-18  |y BK  |k EDU